Subjective Lives and Economic Transformations in Mongolia : Life in the Gap (Record no. 52951)

MARC details
000 -LEADER
fixed length control field 01924nam a2200253Ia 4500
000 - LEADER
fixed length control field 02582naaa 00373uu
001 - CONTROL NUMBER
control field https://directory.doabooks.org/handle/20.500.12854/27075
005 - DATE AND TIME OF LATEST TRANSACTION
control field 20211222141259.0
008 - FIXED-LENGTH DATA ELEMENTS--GENERAL INFORMATION
fixed length control field 211013s9999 xx 000 0 und d
024 ## - OTHER STANDARD IDENTIFIER
Standard number or code 10.14324/111.9781787351462
042 ## - AUTHENTICATION CODE
Authentication code dc
245 #0 - TITLE STATEMENT
Title Subjective Lives and Economic Transformations in Mongolia : Life in the Gap
260 ## - PUBLICATION, DISTRIBUTION, ETC.
Place of publication, distribution, etc. London
Name of publisher, distributor, etc. UCL Press
Date of publication, distribution, etc. 2020
300 ## - PHYSICAL DESCRIPTION
Extent 1 electronic resource (178 p.)
520 ## - SUMMARY, ETC.
Summary, etc. Almost 10 years ago the mineral-rich country of Mongolia experienced very rapid economic growth, fuelled by China's need for coal and copper. New subjects, buildings, and businesses flourished, and future dreams were imagined and hoped for. This period of growth is, however, now over. Mongolia is instead facing high levels of public and private debt, conflicts over land and sovereignty, and a changed political climate that threatens its fragile democratic institutions. Subjective Lives and Economic Transformations in Mongolia details this complex story through the intimate lives of five women. Building on long-term friendships, which span over 20 years, Rebecca documents their personal journeys in an ever-shifting landscape. She reveals how these women use experiences of living a 'life in the gap' to survive the hard reality between desired outcomes and their actual daily lives. In doing so, she offers a completely different picture from that presented by economists and statisticians of what it is like to live in this fluctuating extractive economy.
540 ## - TERMS GOVERNING USE AND REPRODUCTION NOTE
Terms governing use and reproduction Creative Commons
653 ## - INDEX TERM--UNCONTROLLED
Uncontrolled term Social and cultural anthropology
700 1# - ADDED ENTRY--PERSONAL NAME
Personal name Empson, Rebecca M.
856 ## - ELECTRONIC LOCATION AND ACCESS
Uniform Resource Identifier <a href="https://directory.doabooks.org/handle/20.500.12854/27075">https://directory.doabooks.org/handle/20.500.12854/27075</a>
856 ## - ELECTRONIC LOCATION AND ACCESS
Uniform Resource Identifier <a href="https://library.oapen.org/bitstream/20.500.12657/39434/1/9781787351462.pdf">https://library.oapen.org/bitstream/20.500.12657/39434/1/9781787351462.pdf</a>
856 ## - ELECTRONIC LOCATION AND ACCESS
Uniform Resource Identifier <a href="www.oapen.org">www.oapen.org</a>
942 ## - ADDED ENTRY ELEMENTS (KOHA)
Koha item type E-Book
Holdings
Withdrawn status Source of classification or shelving scheme Damaged status Not for loan Home library Current library Date acquired Total Checkouts Date last seen Price effective from Koha item type
  Library of Congress Classification   Not For Loan Directory of Open Access Books Directory of Open Access Books 12/22/2021   12/22/2021 12/22/2021 E-Book

University of Rizal System
Email us at univlibservices@urs.edu.ph

Visit our Website www.urs.edu.ph/library